00596nam a2200205Ia 450000500170000000800410001702000150005808200130007324500400008626000460012630000180017265000230019065000120021365000130022565000130023870000230025194200060027495200950028099900150037520241004023633.0240331s9999 xx 000 0 und d a0631148051 bFEMa820 0aFeminist lterary theory :ba reader aMassachusettsbBlackwell Publishersc1986 axiv, 237 p ., aEnglish Literature aHistory aCriticus aFeminist aEagleton, M. eedt cL 001040708LaWERCLbWERCLcSSCd2024-03-31l0o 820 FEMp5425r2024-03-31w2024-03-31yL c3153d3153